[Event "TCh-CHN Division A 2014"]
[Site "Taizhou CHN"]
[Date "2014.11.15"]
[Round "17.3"]
[Board "4"]
[White "Shen, Yang"]
[Black "Yang, Yingxia"]
[Result "1-0"]
[WhiteTitle "IM"]
[WhiteElo "2475"]
[BlackElo "1827"]
[WhiteTeam "Jiangsu"]
[BlackTeam "Qingdao Qingwei"]
[WhiteFideId "8603162"]
[BlackFideId "8609837"]
[EventDate "2014.04.12"]

1. d4 e6 2. c4 Nf6 3. Nc3 d5 4. Nf3 Be7 5. Bg5 c6 6. e3 Nbd7 7. Qc2 a6 8. a3 O-O
9. Rd1 h6 10. Bf4 Nh5 11. h3 Nxf4 12. exf4 Bd6 13. g3 Qe7 14. c5 Bc7 15. Bg2 b6
16. cxb6 Nxb6 17. O-O Nc4 18. Na4 Bd7 19. Ne1 Rab8 20. Nd3 Bd6 21. Rfe1 f5 22.
Ndc5 Bxc5 23. dxc5 Qf6 24. Rb1 Bc8 25. Bf1 Na5 26. b4 Nb7 27. Bxa6 Ra8 28. Bf1
Nd8 29. Nb6 Rb8 30. a4 Qf7 31. a5 Qa7 32. a6 Rf7 33. Ra1 Rxb6 34. cxb6 Qxb6 35.
Qc5 Qxc5 36. bxc5 Ra7 37. Reb1 Ra8 38. Rb6 1-0

[Event "TCh-CHN Division A 2014"]
[Site "Taizhou CHN"]
[Date "2014.11.15"]
[Round "17.3"]
[Board "5"]
[White "Guo, Qi"]
[Black "Gao, Hanxue"]
[Result "1-0"]
[WhiteTitle "WGM"]
[WhiteElo "2458"]
[BlackElo "1766"]
[WhiteTeam "Jiangsu"]
[BlackTeam "Qingdao Qingwei"]
[WhiteFideId "8604002"]
[BlackFideId "8608873"]
[EventDate "2014.04.12"]

1. Nf3 Nf6 2. c4 g6 3. d4 Bg7 4. Nc3 d5 5. e3 O-O 6. Qb3 e6 7. Bd2 b6 8. cxd5
exd5 9. Be2 Bb7 10. O-O Qe7 11. Rfd1 Rd8 12. Rac1 Nbd7 13. Nb5 c5 14. dxc5 Nxc5
15. Qa3 Nfe4 16. Be1 a6 17. Nbd4 Qf6 18. b4 Ne6 19. Nxe6 Qxe6 20. Nd4 Qd7 21. h3
Nd6 22. Qb3 b5 23. Bg4 f5 24. Bf3 Nc4 25. Bc3 Qe7 26. Ne2 Rac8 27. Bxg7 Qxg7 28.
Nf4 Qe5 29. Nd3 Qf6 30. Nc5 Ba8 31. Rd4 Rd6 32. Rcd1 Rcd8 33. a4 bxa4 34. Nxa4
Qf7 35. Nc3 Nb6 36. Qa2 Bb7 37. e4 fxe4 38. Nxe4 R6d7 39. Nc5 Re7 40. Nxb7 Rxb7
41. Qxa6 Ra8 42. Qxa8+ 1-0

[Event "TCh-CHN Division A 2014"]
[Site "Taizhou CHN"]
[Date "2014.11.15"]
[Round "17.5"]
[Board "5"]
[White "Xiao, Yiyi"]
[Black "Tan, Zhongyi"]
[Result "0-1"]
[WhiteTitle "WFM"]
[BlackTitle "WGM"]
[WhiteElo "2248"]
[BlackElo "2465"]
[WhiteTeam "Shandong"]
[BlackTeam "Chongqing"]
[WhiteFideId "8606161"]
[BlackFideId "8603642"]
[EventDate "2014.04.12"]

1. d4 Nf6 2. c4 e6 3. Nf3 Bb4+ 4. Bd2 c5 5. Bxb4 cxb4 6. g3 b6 7. Bg2 Bb7 8. O-O
O-O 9. a3 Qe7 10. axb4 Qxb4 11. Qa4 Qe7 12. Nc3 Rc8 13. Rac1 d6 14. Rfe1 a5 15.
e4 Na6 16. e5 dxe5 17. Nxe5 Bxg2 18. Kxg2 Nb4 19. Qd1 Nd7 20. Qf3 Nxe5 21. dxe5
Qd7 22. Ne4 Qc6 23. Red1 Rd8 24. c5 Rxd1 25. Rxd1 bxc5 26. Rd6 Qe8 27. Nxc5 Nd5
28. Ne4 h6 29. Nc3 Ne7 30. Qb7 Ng6 31. Qe4 Rb8 32. Qd4 Qe7 33. h4 Qb7+ 34. Kg1
Qxb2 35. h5 Nf8 36. Ra6 Rc8 0-1

[Event "TCh-CHN Division A 2014"]
[Site "Taizhou CHN"]
[Date "2014.11.15"]
[Round "17.4"]
[Board "1"]
[White "Lou, Yiping"]
[Black "Xu, Zhihang"]
[Result "1/2-1/2"]
[WhiteTitle "IM"]
[WhiteElo "2461"]
[BlackElo "2119"]
[WhiteTeam "Shanghai"]
[BlackTeam "Qingdao Experimental School"]
[WhiteFideId "8603928"]
[BlackFideId "8611572"]
[EventDate "2014.04.12"]

1. d4 Nf6 2. c4 e6 3. Nf3 d5 4. Nc3 Bb4 5. Qa4+ Nc6 6. Bg5 Bd7 7. Qb3 O-O 8. e3
dxc4 9. Qxc4 h6 10. Bh4 Be7 11. Be2 Nd5 12. Bxe7 Ncxe7 13. O-O Rc8 14. Rfd1 b6
15. e4 Nxc3 16. Qxc3 Bc6 17. Ba6 Rb8 18. Bd3 Bb7 19. Rac1 Rc8 20. b4 Qd6 21. Bb1
Rfd8 22. Qb3 Qf4 23. g3 Qd6 24. a3 Ng6 25. h4 Qe7 26. Re1 Ba8 27. Rc3 Bb7 28.
Rec1 Nf8 29. b5 a6 30. a4 axb5 31. axb5 Qd6 32. Qa3 Qxa3 33. Rxa3 c6 34. bxc6
Rxc6 35. Rxc6 Bxc6 36. Rb3 Nd7 37. Nd2 b5 38. Rc3 Ba8 39. Kf1 Nb6 40. Nb3 b4 41.
Rc7 Na4 42. f3 Nc3 43. Bd3 Kf8 44. Kf2 Ke8 45. Ke3 Bd5 46. Nc5 Ba8 47. Kd2 Rxd4
48. Na6 Nxe4+ 49. Ke3 Rxd3+ 50. Kxd3 Nd6 51. Ke2 b3 52. Rc3 b2 53. Rb3 Bc6 54.
Rxb2 Bb5+ 55. Kf2 Bxa6 56. Rb6 Bc4 57. Rxd6 Bd5 58. Ke3 Ke7 59. Rb6 h5 60. Rb8
Kf6 61. Rh8 Kg6 62. Re8 Kf6 63. f4 g6 64. Kd4 Kf5 65. Rf8 Kg4 66. Rxf7 Kxg3 67.
Rf6 Kxh4 68. Rxg6 Ba2 69. Rg5 Bb3 70. Ke5 Bc4 71. Kf6 Bb3 72. Rg1 Bd5 73. Ke5
Bb3 74. Rg5 Bc4 75. Rg1 Bb3 76. Rb1 Bc2 77. Rh1+ Kg4 78. Rg1+ Kf3 79. Rh1 Bg6
80. Kf6 Bf5 81. Kg5 Bg4 82. Re1 Kf2 83. Ra1 Ke3 84. Ra4 Kf3 85. Ra3+ Ke4 86. Rb3
Kd4 87. Rb5 Kc4 88. Re5 Kd4 89. Kh4 Kd3 90. Kg5 Kd4 91. Kf6 Bf5 92. Kg5 1/2-1/2

[Event "TCh-CHN Division A 2014"]
[Site "Taizhou CHN"]
[Date "2014.11.15"]
[Round "17.4"]
[Board "2"]
[White "Zhou, Jianchao"]
[Black "Ma, Zhonghan"]
[Result "1/2-1/2"]
[WhiteTitle "GM"]
[WhiteElo "2590"]
[BlackElo "2471"]
[WhiteTeam "Shanghai"]
[BlackTeam "Qingdao Experimental School"]
[WhiteFideId "8603537"]
[BlackFideId "8607206"]
[EventDate "2014.04.12"]

1. Nf3 Nf6 2. c4 e6 3. Nc3 c5 4. g3 b6 5. Bg2 Bb7 6. O-O Be7 7. Re1 d5 8. cxd5
Nxd5 9. Nxd5 Bxd5 10. e4 Bb7 11. d4 cxd4 12. Nxd4 O-O 13. Be3 Nd7 14. Qe2 Rc8
15. Red1 Qe8 16. a3 a6 17. f4 Nc5 18. e5 Bxg2 19. Kxg2 Qa4 20. Rac1 Nb3 21. Nxb3
Qxb3 22. Rd3 Qb5 23. Rxc8 Rxc8 24. Rd2 Qxe2+ 25. Rxe2 b5 26. g4 g6 27. Kf3 Kf8
28. f5 gxf5 29. gxf5 exf5 30. Kf4 Bc5 1/2-1/2

[Event "TCh-CHN Division A 2014"]
[Site "Taizhou CHN"]
[Date "2014.11.15"]
[Round "17.4"]
[Board "3"]
[White "Ni, Hua"]
[Black "Mu, Ke"]
[Result "1-0"]
[WhiteTitle "GM"]
[WhiteElo "2677"]
[BlackElo "2413"]
[WhiteTeam "Shanghai"]
[BlackTeam "Qingdao Experimental School"]
[WhiteFideId "8601160"]
[BlackFideId "8602778"]
[EventDate "2014.04.12"]

1. c4 c6 2. Nf3 Nf6 3. Nc3 d5 4. e3 e6 5. b3 Nbd7 6. Bb2 a6 7. d4 Bd6 8. Bd3 e5
9. cxd5 cxd5 10. dxe5 Nxe5 11. Nxe5 Bxe5 12. Qd2 Be6 13. Ne2 Bxb2 14. Qxb2 O-O
15. O-O Qb6 16. h3 a5 17. Rfd1 a4 18. b4 a3 19. Qd4 Qxd4 20. Nxd4 Rfc8 21. f3
Bd7 22. Kf2 g6 23. Ke2 Ba4 24. Rdc1 Nd7 25. Kd2 Ne5 26. b5 Kf8 27. Be2 Ke7 28.
Rc3 Kd6 29. Rac1 Rxc3 30. Rxc3 Nd7 31. Rxa3 Nb6 32. Rc3 Rc8 33. g4 Rxc3 34. Kxc3
Kc5 35. h4 Nc8 36. h5 Nd6 37. h6 Ne8 38. g5 Nd6 39. Bd3 Nc4 40. e4 Ne5 41. f4
Nxd3 42. Kxd3 dxe4+ 43. Kxe4 Kd6 44. b6 Bd7 45. a3 Ba4 46. f5 Bd7 47. fxg6 fxg6
48. Ne2 Bc6+ 49. Kd4 Ke6 50. Kc5 Ke5 51. Nd4 Bg2 52. a4 Bf1 53. a5 Bd3 54. Nc6+
Kf4 55. Nb4 1-0

[Event "TCh-CHN Division A 2014"]
[Site "Taizhou CHN"]
[Date "2014.11.15"]
[Round "17.4"]
[Board "4"]
[White "Gong, Qianyun"]
[Black "Ju, Wenjun"]
[Result "1/2-1/2"]
[WhiteTitle "WIM"]
[BlackTitle "WGM"]
[WhiteElo "2349"]
[BlackElo "2582"]
[WhiteTeam "Qingdao Experimental School"]
[BlackTeam "Shanghai"]
[WhiteFideId "8602425"]
[BlackFideId "8603006"]
[EventDate "2014.04.12"]

1. e4 c5 2. b3 Nc6 3. Bb2 e5 4. Bc4 d6 5. Nc3 g6 6. f4 exf4 7. Nd5 Ne5 8. Nf3
Bg7 9. Nxe5 Bxe5 10. d4 cxd4 11. O-O Nf6 12. Nxf4 O-O 13. Bxd4 Nxe4 14. Bxe5
dxe5 15. Qxd8 Rxd8 16. Nd3 Nd6 17. Nxe5 Nxc4 18. Nxc4 Bf5 19. Ne3 Be4 20. Rad1
f5 21. c4 Kf7 22. Kf2 Ke6 23. Rfe1 Rxd1 24. Rxd1 Rc8 25. h4 h6 26. Nd5 g5 27.
Nc3 gxh4 28. Nxe4 fxe4 29. Rh1 Rf8+ 30. Ke3 Rg8 31. Rxh4 Rxg2 32. Rxh6+ Kd7 33.
Kxe4 Rxa2 34. Kd5 Rg2 35. Rh7+ 1/2-1/2

[Event "TCh-CHN Division A 2014"]
[Site "Taizhou CHN"]
[Date "2014.11.15"]
[Round "17.4"]
[Board "5"]
[White "Lei, Tingjie"]
[Black "Zhang, Xiaowen"]
[Result "1-0"]
[WhiteTitle "WGM"]
[BlackTitle "WGM"]
[WhiteElo "2421"]
[BlackElo "2355"]
[WhiteTeam "Qingdao Experimental School"]
[BlackTeam "Shanghai"]
[WhiteFideId "8605114"]
[BlackFideId "8603219"]
[EventDate "2014.04.12"]

1. d4 Nf6 2. c4 g6 3. Nc3 Bg7 4. e4 d6 5. h3 O-O 6. Nf3 e5 7. d5 a5 8. g4 Na6 9.
Be3 Nd7 10. a3 Nac5 11. Rg1 a4 12. Nd2 c6 13. Qc2 b6 14. O-O-O Ba6 15. Kb1 Rc8
16. Nxa4 cxd5 17. exd5 Nb7 18. Qb3 Ndc5 19. Nxc5 Nxc5 20. Qc2 Qd7 21. Bxc5 Rxc5
22. Ne4 Rc7 23. Qb3 Rfc8 24. c5 Bxf1 25. c6 Rxc6 26. dxc6 Qxc6 27. Nxd6 Bc4 28.
Qxc4 Qxc4 29. Nxc4 Rxc4 30. Rd8+ Bf8 31. Rc1 Rxc1+ 32. Kxc1 Kg7 33. b4 Be7 34.
Rb8 Bh4 35. Rxb6 Bxf2 36. Rb7 h5 37. Kd1 hxg4 38. hxg4 Kf6 39. Ke2 Bd4 40. a4
Ke6 41. a5 f5 42. gxf5+ gxf5 43. a6 1-0

[Event "TCh-CHN Division A 2014"]
[Site "Taizhou CHN"]
[Date "2014.11.15"]
[Round "17.5"]
[Board "1"]
[White "Wang, Chen"]
[Black "Bu, Xiangzhi"]
[Result "1-0"]
[WhiteTitle "IM"]
[BlackTitle "GM"]
[WhiteElo "2508"]
[BlackElo "2707"]
[WhiteTeam "Chongqing"]
[BlackTeam "Shandong"]
[WhiteFideId "8601020"]
[BlackFideId "8601445"]
[EventDate "2014.04.12"]

1. e4 c5 2. Nf3 Nc6 3. Bb5 g6 4. O-O Bg7 5. Bxc6 dxc6 6. h3 Nf6 7. d3 O-O 8. Nc3
Nd7 9. Be3 h6 10. Qd2 Kh7 11. Nh2 e5 12. Rae1 b6 13. Kh1 Nf6 14. b3 Nh5 15. Ne2
g5 16. Qd1 Be6 17. Ng3 Nxg3+ 18. fxg3 f5 19. exf5 Bxf5 20. Bd2 Qd5 21. Ng4 Bxg4
22. Qxg4 Rxf1+ 23. Rxf1 e4 24. Qxe4+ Qxe4 25. dxe4 Rd8 26. Be3 Kg6 27. Kg1 Re8
28. Rd1 Rxe4 29. Rd6+ Kf5 30. Kf2 Bd4 31. Bxd4 Rxd4 32. Rxh6 Rd2+ 33. Ke3 Rxc2
34. g4+ Ke5 35. Rg6 Rc3+ 36. Kf2 Rc2+ 37. Ke3 Rxa2 38. Rxg5+ Kf6 39. Rf5+ Ke6
40. Rf3 Kd5 41. Rf5+ Ke6 42. Rf3 Rxg2 43. Kf4 b5 44. h4 a5 45. Re3+ Kf7 46. Re5
Rf2+ 47. Kg5 Rd2 48. Kh6 Rd5 49. Re1 Rd6+ 50. Kh7 Rd4 51. Rg1 c4 52. bxc4 bxc4
53. h5 c3 54. g5 c2 55. g6+ Kf6 56. Rf1+ Ke7 57. Rc1 Rh4 58. h6 1-0

[Event "TCh-CHN Division A 2014"]
[Site "Taizhou CHN"]
[Date "2014.11.15"]
[Round "17.5"]
[Board "2"]
[White "Motylev, Alexander"]
[Black "Wen, Yang"]
[Result "1/2-1/2"]
[WhiteTitle "GM"]
[BlackTitle "GM"]
[WhiteElo "2680"]
[BlackElo "2586"]
[WhiteTeam "Chongqing"]
[BlackTeam "Shandong"]
[WhiteFideId "4121830"]
[BlackFideId "8602956"]
[EventDate "2014.04.12"]

1. d4 d5 2. Bf4 Nf6 3. e3 e6 4. Nd2 Be7 5. Bd3 c5 6. c3 Nc6 7. Ngf3 O-O 8. h4
Bd7 9. Ne5 Be8 10. g4 cxd4 11. exd4 Rc8 12. Nef3 Bd6 13. Be5 Bxe5 14. dxe5 Nxg4
15. Bxh7+ Kh8 16. Rg1 f5 17. exf6 Nxf6 18. Bb1 Bh5 19. Qc2 Qe8 20. Ng5 e5 21.
Nh7 e4 22. Nxf8 Nd4 23. cxd4 Qxf8 24. Rg5 Rxc2 25. Bxc2 Qe7 26. Kf1 Qb4 27. Bd1
Qxd2 28. Bxh5 e3 29. fxe3 Ne4 30. Rg2 Qxe3 31. Bg6 Ng3+ 32. Rxg3 Qxg3 33. h5
Qf3+ 34. Kg1 Qg4+ 35. Kh1 Qxd4 36. Rf1 Kg8 37. Rf7 Qd1+ 38. Kg2 Qe2+ 39. Rf2
Qg4+ 40. Kf1 Qd1+ 41. Kg2 Qg4+ 42. Kf1 Qd1+ 43. Kg2 d4 44. Rf4 Qe2+ 45. Kg3 Qe5
46. Kg4 Qe6+ 47. Kf3 Qe3+ 48. Kg4 Qe2+ 49. Kg3 Qe5 50. Kg4 1/2-1/2

[Event "TCh-CHN Division A 2014"]
[Site "Taizhou CHN"]
[Date "2014.11.15"]
[Round "17.5"]
[Board "3"]
[White "Zhou, Weiqi"]
[Black "Zhao, Jun"]
[Result "1/2-1/2"]
[WhiteTitle "GM"]
[BlackTitle "GM"]
[WhiteElo "2614"]
[BlackElo "2578"]
[WhiteTeam "Chongqing"]
[BlackTeam "Shandong"]
[WhiteFideId "8601674"]
[BlackFideId "8602522"]
[EventDate "2014.04.12"]

1. d4 Nf6 2. c4 e6 3. Nc3 Bb4 4. Qc2 c5 5. dxc5 O-O 6. a3 Bxc5 7. Nf3 Qb6 8. e3
Be7 9. Bd3 d6 10. O-O Nbd7 11. b4 Qc7 12. Rd1 a6 13. Bb2 h6 14. Ne4 b6 15. Rac1
Bb7 16. h3 Rac8 17. Nxf6+ Bxf6 18. Bxf6 Bxf3 19. Be7 Bxd1 20. Qxd1 Rfe8 21. Bxd6
Qc6 22. c5 bxc5 23. bxc5 Red8 24. Be7 Re8 25. Bd6 Red8 26. Be7 Re8 27. Bd6 Red8
28. Be7 1/2-1/2

[Event "TCh-CHN Division A 2014"]
[Site "Taizhou CHN"]
[Date "2014.11.15"]
[Round "17.5"]
[Board "4"]
[White "Xu, Huahua"]
[Black "Huang, Qian"]
[Result "0-1"]
[WhiteTitle "WIM"]
[BlackTitle "WGM"]
[WhiteElo "2106"]
[BlackElo "2464"]
[WhiteTeam "Shandong"]
[BlackTeam "Chongqing"]
[WhiteFideId "8604096"]
[BlackFideId "8602689"]
[EventDate "2014.04.12"]

1. e4 g6 2. d4 Bg7 3. Nc3 d6 4. Nf3 c6 5. Be3 Nf6 6. Qd2 Nbd7 7. Bd3 e5 8. dxe5
dxe5 9. h3 O-O 10. a4 Qe7 11. O-O Nc5 12. Rfd1 Rd8 13. Bxc5 Qxc5 14. Qe2 Re8 15.
Bc4 h6 16. Na2 Nh5 17. b4 Qe7 18. c3 Nf4 19. Qf1 a5 20. b5 Kh7 21. Nd2 f5 22.
Nc1 Rd8 23. Nd3 Be6 24. Bxe6 Qxe6 25. exf5 Qxf5 26. Nxf4 exf4 27. bxc6 bxc6 28.
Qc4 Rd5 29. Ne4 Rad8 30. Re1 f3 31. Qxc6 fxg2 32. Kxg2 Rd3 33. Ng3 Qg5 34. Re4
Rxg3+ 35. fxg3 Rd2+ 36. Kf3 Qf5+ 37. Rf4 Qd3+ 38. Kg4 h5+ 0-1

[Event "TCh-CHN Division A 2014"]
[Site "Taizhou CHN"]
[Date "2014.11.15"]
[Round "17.6"]
[Board "1"]
[White "Wang, Rui"]
[Black "Ding, Liren"]
[Result "0-1"]
[WhiteTitle "GM"]
[BlackTitle "GM"]
[WhiteElo "2394"]
[BlackElo "2730"]
[WhiteTeam "Hebei"]
[BlackTeam "Zhejiang"]
[WhiteFideId "8601003"]
[BlackFideId "8603677"]
[EventDate "2014.04.12"]

1. Nf3 Nf6 2. c4 e6 3. g3 d5 4. Bg2 d4 5. d3 Nc6 6. O-O e5 7. e3 Be7 8. exd4
exd4 9. a3 a5 10. Bg5 O-O 11. Bxf6 Bxf6 12. Nbd2 Bf5 13. Qc2 g5 14. h3 a4 15.
Rfe1 Ra5 16. Re2 h5 17. Rae1 g4 18. hxg4 hxg4 19. Nh2 Ne5 20. Ne4 Bg7 21. Qd2 b6
22. f3 gxf3 23. Bxf3 Bc8 24. Bh1 f5 25. Nf2 Qd6 26. Bd5+ Rxd5 27. cxd5 Bb7 28.
Rxe5 Bxe5 29. Qg5+ Bg7 30. Re7 Qf6 31. Qxf6 Bxf6 32. Rxc7 Bxd5 33. g4 f4 34. Rd7
Rd8 35. Rxd8+ Bxd8 36. Nh3 f3 37. Nf4 Bb7 38. Ne6 Be7 39. Kf1 Bd6 40. Nxf3 Bxf3
41. Nxd4 Bxg4 42. Nb5 Be5 43. Nc3 Bd7 44. Ke2 Bd4 45. Kd2 Kf7 46. Kc2 Ke6 47. b3
Bxc3 48. Kxc3 Kd5 49. Kb4 axb3 50. Kxb3 Bb5 51. Kc3 Ke5 52. d4+ Kd5 53. Kb4 Ba6
54. Kc3 Ke4 55. a4 Kd5 0-1

[Event "TCh-CHN Division A 2014"]
[Site "Taizhou CHN"]
[Date "2014.11.15"]
[Round "17.6"]
[Board "2"]
[White "Wan, Yunguo"]
[Black "Lu, Shanglei"]
[Result "1/2-1/2"]
[WhiteTitle "IM"]
[BlackTitle "GM"]
[WhiteElo "2493"]
[BlackElo "2566"]
[WhiteTeam "Hebei"]
[BlackTeam "Zhejiang"]
[WhiteFideId "8603189"]
[BlackFideId "8603332"]
[EventDate "2014.04.12"]

1. e4 c5 2. Nf3 d6 3. d4 cxd4 4. Nxd4 Nf6 5. Nc3 g6 6. Be3 Bg7 7. f3 Nc6 8. Qd2
O-O 9. Bc4 Bd7 10. h4 Ne5 11. Bb3 h5 12. O-O-O Rc8 13. Bg5 Rc5 14. Kb1 b5 15. g4
hxg4 16. h5 Nxh5 17. Nd5 Re8 18. Rxh5 gxh5 19. Qh2 Rxd5 20. Bxd5 gxf3 21. Qxh5
f2 22. Nf5 Bxf5 23. exf5 Qd7 24. Bh4 e6 25. f6 exd5 26. fxg7 Kxg7 27. Bxf2 Re6
28. Rh1 Qe8 29. Bxa7 Ng6 30. Bd4+ Kf8 31. Rd1 Qc6 32. b3 Ke8 33. Rf1 Qb7 34. Rf5
b4 35. Rf1 Re4 36. Bg7 Qe7 37. Qxd5 Re1+ 38. Kb2 Rxf1 39. Qb5+ Qd7 40. Qxf1 Ne5
41. Qe2 Qg4 42. Qxg4 1/2-1/2

[Event "TCh-CHN Division A 2014"]
[Site "Taizhou CHN"]
[Date "2014.11.15"]
[Round "17.6"]
[Board "3"]
[White "Yang, Kaiqi"]
[Black "Yu, Lie"]
[Result "1-0"]
[WhiteTitle "IM"]
[BlackTitle "IM"]
[WhiteElo "2351"]
[BlackElo "2327"]
[WhiteTeam "Hebei"]
[BlackTeam "Zhejiang"]
[WhiteFideId "8604398"]
[BlackFideId "8603715"]
[EventDate "2014.04.12"]

1. e4 c5 2. Nc3 Nc6 3. Bb5 e6 4. Bxc6 bxc6 5. d3 Ne7 6. h4 d6 7. h5 e5 8. f4 f6
9. h6 exf4 10. hxg7 Bxg7 11. Qh5+ Ng6 12. Nge2 Be6 13. Nxf4 Bf7 14. Qf5 Nxf4 15.
Bxf4 Qd7 16. Rxh7 Rxh7 17. Qxh7 Qg4 18. Qf5 Qh4+ 19. Kd2 Ke7 20. Be3 Rb8 21. e5
dxe5 22. Bxc5+ Kd8 23. Ne4 Bd5 24. Kc3 Rb7 25. Rf1 Rd7 26. b3 Bxe4 27. Qxe4 Qxe4
28. dxe4 a6 29. Rf3 Kc7 30. Rh3 Kc8 31. g4 Rd1 32. Rh7 Rd7 33. Kb4 Kb7 34. a4
Kb8 35. Ka5 Kc8 36. Kxa6 Kc7 37. Ka5 Kc8 38. Kb6 1-0

[Event "TCh-CHN Division A 2014"]
[Site "Taizhou CHN"]
[Date "2014.11.15"]
[Round "17.6"]
[Board "4"]
[White "Ding, Yixin"]
[Black "Zhai, Mo"]
[Result "1-0"]
[WhiteTitle "WGM"]
[BlackTitle "WIM"]
[WhiteElo "2440"]
[BlackElo "2325"]
[WhiteTeam "Zhejiang"]
[BlackTeam "Hebei"]
[WhiteFideId "8602972"]
[BlackFideId "8600201"]
[EventDate "2014.04.12"]

1. e4 c5 2. Nf3 d6 3. d4 cxd4 4. Nxd4 Nf6 5. Nc3 e6 6. g3 Nc6 7. Bg2 Bd7 8. Ndb5
Qb8 9. Bg5 a6 10. Bxf6 gxf6 11. Nd4 Qa7 12. Nxc6 Bxc6 13. O-O b5 14. Re1 O-O-O
15. a4 b4 16. Nb5 Qb6 17. Nd4 Bb7 18. a5 Qc7 19. c3 e5 20. Nb3 bxc3 21. Rc1 Kb8
22. Re3 h5 23. Rexc3 Qd7 24. Qf3 Bg7 25. h4 Rc8 26. Rxc8+ Bxc8 27. Qd3 Rd8 28.
Qc4 Qb7 29. Rc3 Bh6 30. Nd4 1-0

[Event "TCh-CHN Division A 2014"]
[Site "Taizhou CHN"]
[Date "2014.11.15"]
[Round "17.6"]
[Board "5"]
[White "Zhu, Chen"]
[Black "Wang, Doudou"]
[Result "1-0"]
[WhiteTitle "GM"]
[BlackTitle "WIM"]
[WhiteElo "2447"]
[BlackElo "2215"]
[WhiteTeam "Zhejiang"]
[BlackTeam "Hebei"]
[WhiteFideId "8600546"]
[BlackFideId "8603197"]
[EventDate "2014.04.12"]

1. d4 d5 2. Nf3 Nf6 3. c4 c6 4. e3 Bf5 5. Nc3 e6 6. Nh4 Bg6 7. Be2 Nbd7 8. g3
dxc4 9. Nxg6 hxg6 10. Bxc4 Bd6 11. Be2 e5 12. dxe5 Bxe5 13. Qc2 Qe7 14. Bd2 O-O
15. O-O Rfe8 16. Rad1 Nb6 17. a3 Rad8 18. Bf3 Qe6 19. Kg2 Rd7 20. h4 Red8 21.
Bc1 Qc4 22. Rxd7 Rxd7 23. Bd2 Qd3 24. Qxd3 Rxd3 25. Rd1 Rd7 26. Be2 Kf8 27. Be1
Nfd5 28. Nxd5 Rxd5 29. b3 Ke7 30. e4 Rxd1 31. Bxd1 Kd6 32. Kf3 Bb2 33. a4 Kc5
34. Ke3 Nd7 35. f4 b5 36. axb5 cxb5 37. b4+ Kc6 38. Bb3 f6 39. Bd2 g5 40. h5
gxf4+ 41. gxf4 Kd6 42. Kd3 Kc6 43. Bd5+ Kc7 44. Be3 a6 45. Be6 Kd6 46. Bxd7 Kxd7
47. Bd4 Bxd4 48. Kxd4 Kc6 49. e5 f5 50. Ke3 Kd7 51. Kf2 Ke7 52. Kg3 Ke6 53. Kh4
a5 54. bxa5 b4 55. a6 b3 56. a7 b2 57. a8=Q b1=Q 58. Qg8+ Ke7 59. Qxg7+ Ke6 60.
Qf6+ Kd5 61. Kg5 Ke4 62. Qxf5+ 1-0

[Event "TCh-CHN Division A 2014"]
[Site "Taizhou CHN"]
[Date "2014.11.16"]
[Round "18.1"]
[Board "1"]
[White "Wang, Hao"]
[Black "Wang, Rui"]
[Result "1-0"]
[WhiteTitle "GM"]
[BlackTitle "GM"]
[WhiteElo "2710"]
[BlackElo "2394"]
[WhiteTeam "Beijing"]
[BlackTeam "Hebei"]
[WhiteFideId "8602883"]
[BlackFideId "8601003"]
[EventDate "2014.04.12"]

1. e4 c6 2. d4 d5 3. e5 Bf5 4. Nd2 e6 5. Nb3 Nd7 6. Nf3 Ne7 7. Be2 h6 8. O-O Qc7
9. c3 g5 10. h4 O-O-O 11. hxg5 Ng6 12. Bd3 Bg4 13. Bxg6 fxg6 14. Qd3 c5 15. Nh2
Bf5 16. Qg3 Be7 17. gxh6 c4 18. Nd2 Rxh6 19. Nxc4 Rh5 20. Nd6+ Kb8 21. Bf4 Rdh8
22. Qe3 g5 23. Bg3 g4 24. f3 gxf3 25. Nxf3 Bxd6 26. exd6 Qb6 27. Qe2 Nf6 28. Nh2
Kc8 29. Rxf5 exf5 30. Qe6+ Nd7 31. Re1 Rf8 32. Qxd5 Qc6 33. Qe6 b6 34. Nf3 Kb7
35. Ne5 Nxe5 36. Rxe5 Ka6 37. b4 1-0

[Event "TCh-CHN Division A 2014"]
[Site "Taizhou CHN"]
[Date "2014.11.16"]
[Round "18.1"]
[Board "2"]
[White "Xiu, Deshun"]
[Black "Wan, Yunguo"]
[Result "1-0"]
[WhiteTitle "GM"]
[BlackTitle "IM"]
[WhiteElo "2553"]
[BlackElo "2493"]
[WhiteTeam "Beijing"]
[BlackTeam "Hebei"]
[WhiteFideId "8603693"]
[BlackFideId "8603189"]
[EventDate "2014.04.12"]

1. Nf3 c5 2. c4 Nc6 3. d4 cxd4 4. Nxd4 Nf6 5. Nc3 e6 6. g3 Qb6 7. Ndb5 Ne5 8.
Bg2 a6 9. Na4 Qa5+ 10. Nbc3 Nxc4 11. b3 Nb6 12. O-O d5 13. Nxb6 Qxb6 14. e4 dxe4
15. Nxe4 Nxe4 16. Bxe4 Be7 17. Be3 Qb4 18. Qc2 Bd7 19. Rac1 O-O 20. Bd2 Qb6 21.
Qc7 Qxc7 22. Rxc7 Rad8 23. Ba5 Bd6 24. Rc2 Rc8 25. Rd1 f5 26. Bd3 Ba3 27. Bc4 b5
28. Rxd7 bxc4 29. bxc4 Rf7 30. Rd3 Bc5 31. Bc3 Rb7 32. Be5 Kf7 33. Kg2 g5 34. h3
h5 35. Kf3 g4+ 36. hxg4 hxg4+ 37. Kg2 a5 38. Rcd2 Be7 39. Rb3 Rb4 40. Rd7 Ke8
41. Ra7 Rc5 42. Bc3 Rbxc4 43. Bxa5 Bd8 44. Bxd8 Kxd8 45. Rb8+ Rc8 46. Rbb7 R8c7
47. Rxc7 Rxc7 48. Rxc7 Kxc7 49. Kf1 Kc6 50. Ke2 Kb5 51. Kd3 e5 52. a4+ Kxa4 53.
Kc4 e4 54. Kd4 Kb4 55. Ke5 Kc4 56. Kxf5 Kd3 57. Kf4 1-0

[Event "TCh-CHN Division A 2014"]
[Site "Taizhou CHN"]
[Date "2014.11.16"]
[Round "18.1"]
[Board "3"]
[White "Yu, Yangyi"]
[Black "Yang, Kaiqi"]
[Result "1-0"]
[WhiteTitle "GM"]
[BlackTitle "IM"]
[WhiteElo "2705"]
[BlackElo "2351"]
[WhiteTeam "Beijing"]
[BlackTeam "Hebei"]
[WhiteFideId "8603820"]
[BlackFideId "8604398"]
[EventDate "2014.04.12"]

1. e4 e5 2. Nf3 Nc6 3. Bb5 a6 4. Ba4 Nf6 5. O-O Be7 6. Re1 b5 7. Bb3 d6 8. c3
O-O 9. h3 Nb8 10. d4 Nbd7 11. c4 c6 12. Nc3 Bb7 13. a3 Qb8 14. Be3 Bd8 15. Ba2
Bb6 16. dxe5 Bxe3 17. exf6 Bh6 18. fxg7 Bxg7 19. cxb5 axb5 20. Nd4 Ne5 21. Nf5
Bc8 22. Nxg7 Kxg7 23. Qd4 f6 24. Rad1 c5 25. Qxd6 Qxd6 26. Rxd6 b4 27. axb4 cxb4
28. Bd5 Ra5 29. Ne2 Bxh3 30. gxh3 Nf3+ 31. Kf1 Nxe1 32. Kxe1 Ra1+ 33. Kd2 Rb1
34. b3 Rc8 35. Bc4 Ra8 36. Nd4 Rh1 37. h4 Raa1 38. Rd7+ Kg6 39. Bf7+ Kg7 40.
Bh5+ Kh6 41. Bf3 Ra2+ 42. Ke3 1-0